[Event "GER-chT Youth Countries 2019"]
[Site "Wuerzburg"]
[Date "2019.10.02"]
[Round "1"]
[White "Fuchs, Florian"]
[Black "Bardorz, Jana"]
[Result "0-1"]
[WhiteElo "2256"]
[BlackElo "1929"]
[Annotator "NA"]
[PlyCount "83"]
[EventDate "2019.10.02"]
[EventType "swiss"]
[EventRounds "7"]
[EventCountry "GER"]
[SourceTitle "playchess.com"]
[Source "ChessBase"]
[SourceQuality "1"]
[WhiteTeam "Bayern 2"]
[BlackTeam "Bayern 1"]
[WhiteTeamCountry "GER"]
[BlackTeamCountry "GER"]
[TimeControl "40/5400+30:1800+30"]

1. d4 {[%emt 0:00:00]} Nf6 {[%emt 0:00:00]} 2. c4 {[%emt 0:00:00]} g6 {[%emt 0:00:00]} 3. Nc3 {[%emt 0:00:00]} Bg7 {[%emt 0:00:00]} 4. e4 {[%emt 0:00:00]} d6 {[%emt 0:00:00]} 5. Be2 {[%emt 0:00:09]} O-O {[%emt 0:00:06]} 6. Bg5 {[%emt 0:00:10]} c5 {[%emt 0:03:46]} 7. d5 {[%emt 0:00:06]} Nbd7 {[%emt 0:03:29]} 8. Qd2 {[%emt 0:01:03]} a6 {[%emt 0:05:32]} 9. g4 {[%emt 0:15:07]} b5 {[%emt 0:06:15]} 10. cxb5 {[%emt 0:05:59]} axb5 {[%emt 0:03:50]} 11. f3 {[%emt 0:00:34]} b4 {[%emt 0:06:37]} 12. Nd1 {[%emt 0:00:21]} Ba6 {[%emt 0:07:03]} 13. Bh6 {[%emt 0:05:17]} Ne5 {[%emt 0:06:02]} 14. Bxg7 {[%emt 0:01:01]} Kxg7 {[%emt 0:00:16]} 15. Nf2 {[%emt 0:05:38]} Qa5 {[%emt 0:08:08]} 16. f4 {[%emt 0:03:06]} Nc4 {[%emt 0:02:50]} 17. Bxc4 {[%emt 0:02:44]} Bxc4 {[%emt 0:00:07]} 18. g5 {[%emt 0:00:14]} Nh5 {[%emt 0:02:35]} 19. b3 {[%emt 0:00:37]} Bb5 {[%emt 0:03:17]} 20. Ngh3 {[%emt 0:03:22]} Bd7 {[%emt 0:10:03]} 21. Rg1 {[%emt 0:07:49]} Qa6 {[%emt 0:05:47]} 22. Ng4 {[%emt 0:06:07]} Qc8 {[%emt 0:03:13]} 23. Nhf2 {[%emt 0:05:51]} f6 {[%emt 0:03:35]} 24. f5 {[%emt 0:04:32]} Kf7 {[%emt 0:04:53]} 25. gxf6 {[%emt 0:02:14]} exf6 {[%emt 0:02:35]} 26. Qh6 {[%emt 0:01:08]} Rh8 {[%emt 0:02:20]} 27. Ne3 {[%emt 0:17:13]} Qg8 {[%emt 0:00:39]} 28. Nc4 {[%emt 0:00:30]} Ra6 {[%emt 0:01:47]} 29. Ng4 {[%emt 0:07:56]} Qg7 {[%emt 0:02:18]} 30. a4 {[%emt 0:03:10]} bxa3 {[%emt 0:01:31]} 31. Rxa3 {[%emt 0:00:20]} Rxa3 {[%emt 0:00:11]} 32. Nxa3 {[%emt 0:00:24]} Qxh6 {[%emt 0:01:24]} 33. Nxh6+ {[%emt 0:00:05]} Kg7 {[%emt 0:00:42]} 34. Ng4 {[%emt 0:00:04]} Ra8 {[%emt 0:01:48]} 35. Nc4 {[%emt 0:00:45]} Ra1+ {[%emt 0:02:10]} 36. Kf2 {[%emt 0:00:04]} Rxg1 {[%emt 0:00:24]} 37. Kxg1 {[%emt 0:00:05]} gxf5 {[%emt 0:00:46]} 38. exf5 {[%emt 0:00:06]} Bxf5 {[%emt 0:00:12]} 39. Nge3 {[%emt 0:00:06]} Bg6 {[%emt 0:02:01]} 40. Nxd6 {[%emt 0:00:17]} Nf4 {[%emt 0:00:34]} 41. Ndc4 {[%emt 0:33:42]} Kf7 {[%emt 0:02:34]} 42. d6 {[%emt 0:00:00] normal} 0-1

[Event "GER-chT Youth Countries 2019"]
[Site "Wuerzburg"]
[Date "2019.10.02"]
[Round "1"]
[White "Sieber, Fiona"]
[Black "Lange, Jannis"]
[Result "1-0"]
[WhiteElo "2252"]
[BlackElo "2080"]
[Annotator "NA"]
[PlyCount "79"]
[EventDate "2019.10.02"]
[EventType "swiss"]
[EventRounds "7"]
[EventCountry "GER"]
[SourceTitle "playchess.com"]
[Source "ChessBase"]
[SourceQuality "1"]
[WhiteTeam "Germany"]
[BlackTeam "Germany"]
[WhiteTeamCountry "GER"]
[BlackTeamCountry "GER"]
[TimeControl "40/5400+30:1800+30"]

1. e4 {[%emt 0:00:00]} c5 {[%emt 0:00:00]} 2. Nf3 {[%emt 0:00:00]} Nc6 {[%emt 0:00:00]} 3. Nc3 {[%emt 0:00:00]} d6 {[%emt 0:03:01]} 4. d4 {[%emt 0:00:00]} cxd4 {[%emt 0:01:00]} 5. Nxd4 {[%emt 0:00:00]} e5 {[%emt 0:00:43]} 6. Nf5 {[%emt 0:00:09]} Bxf5 {[%emt 0:06:48]} 7. exf5 {[%emt 0:00:05]} Nd4 {[%emt 0:01:21]} 8. Be3 {[%emt 0:02:13]} Nc6 {[%emt 0:08:04]} 9. Bc4 {[%emt 0:10:00]} Nf6 {[%emt 0:01:10]} 10. g4 {[%emt 0:05:32]} Qa5 {[%emt 0:12:25]} 11. g5 {[%emt 0:13:52]} Ne4 {[%emt 0:08:17]} 12. Qd5 {[%emt 0:02:09]} Qxd5 {[%emt 0:11:28]} 13. Nxd5 {[%emt 0:00:09]} Rc8 {[%emt 0:01:25]} 14. f3 {[%emt 0:04:05]} Nc5 {[%emt 0:00:10]} 15. O-O-O {[%emt 0:01:43]} Ne7 {[%emt 0:07:20]} 16. f6 {[%emt 0:06:06]} Nf5 {[%emt 0:08:18]} 17. Rhe1 {[%emt 0:04:00]} a6 {[%emt 0:01:20]} 18. Bxc5 {[%emt 0:17:45]} Rxc5 {[%emt 0:00:28]} 19. Bf1 {[%emt 0:06:13]} h6 {[%emt 0:02:34]} 20. b4 {[%emt 0:04:24]} Rc8 {[%emt 0:00:15]} 21. Bh3 {[%emt 0:07:46]} g6 {[%emt 0:01:17]} 22. Bxf5 {[%emt 0:01:41]} gxf5 {[%emt 0:00:04]} 23. h4 {[%emt 0:00:16]} hxg5 {[%emt 0:04:18]} 24. hxg5 {[%emt 0:00:02]} Rh2 {[%emt 0:01:45]} 25. Rd2 {[%emt 0:01:07]} Rxd2 {[%emt 0:03:22]} 26. Kxd2 {[%emt 0:00:02]} Rc4 {[%emt 0:00:16]} 27. c3 {[%emt 0:00:19]} Rh4 {[%emt 0:00:47]} 28. f4 {[%emt 0:04:41]} e4 {[%emt 0:00:15]} 29. a4 {[%emt 0:04:28]} Rh3 {[%emt 0:06:19]} 30. Ne3 {[%emt 0:01:06]} Rf3 {[%emt 0:00:23]} 31. Rf1 {[%emt 0:01:23]} Rh3 {[%emt 0:08:16]} 32. Nxf5 {[%emt 0:00:13]} Rh2+ {[%emt 0:00:14]} 33. Ke3 {[%emt 0:00:33]} d5 {[%emt 0:00:02]} 34. Rd1 {[%emt 0:01:36]} Rh3+ {[%emt 0:00:07]} 35. Kd4 {[%emt 0:00:10]} Rf3 {[%emt 0:01:05]} 36. Ke5 {[%emt 0:02:20]} Rxc3 {[%emt 0:00:10]} 37. Rxd5 {[%emt 0:00:05]} e3 {[%emt 0:00:07]} 38. Ng7+ {[%emt 0:00:30]} Bxg7 {[%emt 0:00:41]} 39. fxg7 {[%emt 0:00:01]} f6+ {[%emt 0:00:05]} 40. Ke4 {normal} 1-0

[Event "GER-chT Youth Countries 2019"]
[Site "Wuerzburg"]
[Date "2019.10.02"]
[Round "1"]
[White "Schneider, Jana"]
[Black "Junker, Magnus"]
[Result "1/2-1/2"]
[WhiteElo "2240"]
[BlackElo "2059"]
[Annotator "NA"]
[PlyCount "67"]
[EventDate "2019.10.02"]
[EventType "swiss"]
[EventRounds "7"]
[EventCountry "GER"]
[SourceTitle "playchess.com"]
[Source "ChessBase"]
[SourceQuality "1"]
[WhiteTeam "Bayern 1"]
[BlackTeam "Bayern 2"]
[WhiteTeamCountry "GER"]
[BlackTeamCountry "GER"]
[TimeControl "40/5400+30:1800+30"]

1. e4 {[%emt 0:00:00]} c5 {[%emt 0:00:00]} 2. Nf3 {[%emt 0:00:00]} d6 {[%emt 0:00:00]} 3. d4 {[%emt 0:00:00]} cxd4 {[%emt 0:00:00]} 4. Nxd4 {[%emt 0:00:00]} Nf6 {[%emt 0:00:01]} 5. Nc3 {[%emt 0:00:04]} a6 {[%emt 0:00:11]} 6. Be3 {[%emt 0:00:11]} Nbd7 {[%emt 0:00:23]} 7. Be2 {[%emt 0:05:47]} e6 {[%emt 0:00:15]} 8. f4 {[%emt 0:01:25]} Qc7 {[%emt 0:00:23]} 9. g4 {[%emt 0:19:31]} e5 {[%emt 0:07:59]} 10. Nf5 {[%emt 0:02:59]} Nc5 {[%emt 0:04:13]} 11. Bf3 {[%emt 0:11:02]} h5 {[%emt 0:02:09]} 12. g5 {[%emt 0:01:31]} Nfxe4 {[%emt 0:00:22]} 13. Bxe4 {[%emt 0:02:34]} Nxe4 {[%emt 0:00:14]} 14. Nxg7+ {[%emt 0:00:23]} Bxg7 {[%emt 0:00:32]} 15. Nxe4 {[%emt 0:00:08]} Qc6 {[%emt 0:10:23]} 16. Qd3 {[%emt 0:11:55]} Bg4 {[%emt 0:07:20]} 17. h3 {[%emt 0:11:14]} Bf3 {[%emt 0:02:49]} 18. Nxd6+ {[%emt 0:00:08]} Kf8 {[%emt 0:00:41]} 19. Rf1 {[%emt 0:00:50]} Rd8 {[%emt 0:12:34]} 20. Qa3 {[%emt 0:02:40]} Kg8 {[%emt 0:03:28]} 21. Nf5 {[%emt 0:01:29]} Qe4 {[%emt 0:05:55]} 22. Qe7 {[%emt 0:04:01]} Qxf5 {[%emt 0:04:49]} 23. Qxd8+ {[%emt 0:02:20]} Kh7 {[%emt 0:00:05]} 24. Qd2 {[%emt 0:01:03]} Qxh3 {[%emt 0:03:05]} 25. fxe5 {[%emt 0:01:42]} Re8 {[%emt 0:05:23]} 26. Qf2 {[%emt 0:03:17]} Bg4 {[%emt 0:01:25]} 27. Bd4 {[%emt 0:02:36]} Rd8 {[%emt 0:05:51]} 28. c3 {[%emt 0:02:32]} Qd3 {[%emt 0:00:53]} 29. Rc1 {[%emt 0:02:42]} Kh8 {[%emt 0:07:38]} 30. Qd2 {[%emt 0:01:17]} Qg3+ {[%emt 0:02:22]} 31. Qf2 {[%emt 0:00:20]} Qd3 {[%emt 0:00:05]} 32. Qd2 {[%emt 0:06:27]} Qg3+ {[%emt 0:00:13]} 33. Qf2 {[%emt 0:00:29]} Qd3 {[%emt 0:00:18]} 34. Qd2 {[%emt 0:01:25] normal} 1/2-1/2

[Event "GER-chT Youth Countries 2019"]
[Site "Wuerzburg"]
[Date "2019.10.02"]
[Round "1"]
[White "Niermann, Tristan"]
[Black "Yi, Danny"]
[Result "1-0"]
[WhiteElo "2227"]
[BlackElo "2211"]
[Annotator "NA"]
[PlyCount "63"]
[EventDate "2019.10.02"]
[EventType "swiss"]
[EventRounds "7"]
[EventCountry "GER"]
[SourceTitle "playchess.com"]
[Source "ChessBase"]
[SourceQuality "1"]
[WhiteTeam "Nordrhein-Westfalen"]
[BlackTeam "Team Süd"]
[WhiteTeamCountry "GER"]
[BlackTeamCountry "GER"]
[TimeControl "40/5400+30:1800+30"]

1. d4 {[%emt 0:00:00]} Nf6 {[%emt 0:00:00]} 2. c4 {[%emt 0:00:00]} g6 {[%emt 0:01:09]} 3. g3 {[%emt 0:00:00]} Bg7 {[%emt 0:00:42]} 4. Bg2 {[%emt 0:00:04]} d5 {[%emt 0:00:45]} 5. cxd5 {[%emt 0:00:25]} Nxd5 {[%emt 0:00:08]} 6. Nf3 {[%emt 0:00:15]} O-O {[%emt 0:07:20]} 7. O-O {[%emt 0:00:49]} Nc6 {[%emt 0:09:33]} 8. e3 {[%emt 0:00:54]} Nb6 {[%emt 0:09:56]} 9. Nc3 {[%emt 0:00:50]} e5 {[%emt 0:01:55]} 10. d5 {[%emt 0:04:32]} Na5 {[%emt 0:02:31]} 11. e4 {[%emt 0:22:38]} c6 {[%emt 0:03:53]} 12. h3 {[%emt 0:25:21]} cxd5 {[%emt 0:10:52]} 13. exd5 {[%emt 0:02:21]} e4 {[%emt 0:16:04]} 14. Ng5 {[%emt 0:13:55]} f5 {[%emt 0:09:46]} 15. f3 {[%emt 0:01:50]} h6 {[%emt 0:08:08]} 16. Ne6 {[%emt 0:00:33]} Bxe6 {[%emt 0:00:06]} 17. dxe6 {[%emt 0:00:03]} Qxd1 {[%emt 0:00:37]} 18. Rxd1 {[%emt 0:00:26]} exf3 {[%emt 0:00:43]} 19. Bxf3 {[%emt 0:00:27]} Rfe8 {[%emt 0:01:52]} 20. Nd5 {[%emt 0:04:14]} Rac8 {[%emt 0:02:05]} 21. Nxb6 {[%emt 0:01:26]} axb6 {[%emt 0:00:06]} 22. Bf4 {[%emt 0:04:30]} Kh8 {[%emt 0:02:32]} 23. Bd5 {[%emt 0:01:45]} Rc2 {[%emt 0:03:15]} 24. Rac1 {[%emt 0:01:34]} Re2 {[%emt 0:05:26]} 25. Rc7 {[%emt 0:04:33]} g5 {[%emt 0:01:24]} 26. Bd6 {[%emt 0:01:19]} Be5 {[%emt 0:01:33]} 27. Bxe5+ {[%emt 0:02:00]} Rxe5 {[%emt 0:00:03]} 28. b4 {[%emt 0:00:30]} Nc6 {[%emt 0:00:55]} 29. Rxb7 {[%emt 0:00:38]} Rd8 {[%emt 0:00:39]} 30. Rd7 {[%emt 0:02:08]} Rc8 {[%emt 0:00:27]} 31. Rc1 {[%emt 0:00:52]} Rd8 {[%emt 0:00:34]} 32. Bxc6 {[%emt 0:00:27] normal} 1-0

[Event "GER-chT Youth Countries 2019"]
[Site "Wuerzburg"]
[Date "2019.10.02"]
[Round "1"]
[White "Post, Hugo"]
[Black "Schumann, Rabea"]
[Result "1-0"]
[WhiteElo "2204"]
[BlackElo "1922"]
[Annotator "NA"]
[PlyCount "63"]
[EventDate "2019.10.02"]
[EventType "swiss"]
[EventRounds "7"]
[EventCountry "GER"]
[SourceTitle "playchess.com"]
[Source "ChessBase"]
[SourceQuality "1"]
[WhiteTeam "Sachsen-Anhalt"]
[BlackTeam "Mecklenburg-Vorpommern"]
[WhiteTeamCountry "GER"]
[BlackTeamCountry "GER"]
[TimeControl "40/5400+30:1800+30"]

1. e4 {[%emt 0:00:00]} c5 {[%emt 0:00:00]} 2. Nf3 {[%emt 0:00:00]} Nc6 {[%emt 0:00:00]} 3. d4 {[%emt 0:00:00]} cxd4 {[%emt 0:00:00]} 4. Nxd4 {[%emt 0:00:00]} g6 {[%emt 0:00:07]} 5. c4 {[%emt 0:00:15]} Bg7 {[%emt 0:00:17]} 6. Be3 {[%emt 0:00:17]} Nf6 {[%emt 0:00:21]} 7. Nc3 {[%emt 0:00:18]} O-O {[%emt 0:00:30]} 8. Be2 {[%emt 0:00:16]} b6 {[%emt 0:00:59]} 9. f3 {[%emt 0:03:03]} Bb7 {[%emt 0:00:41]} 10. O-O {[%emt 0:09:55]} d6 {[%emt 0:03:12]} 11. Rc1 {[%emt 0:05:28]} Qb8 {[%emt 0:02:26]} 12. Qd2 {[%emt 0:08:48]} Rd8 {[%emt 0:01:16]} 13. Rfd1 {[%emt 0:06:07]} Rd7 {[%emt 0:04:38]} 14. Nc2 {[%emt 0:11:09]} Qf8 {[%emt 0:06:55]} 15. b4 {[%emt 0:02:29]} e6 {[%emt 0:08:59]} 16. a3 {[%emt 0:13:09]} Rad8 {[%emt 0:02:29]} 17. f4 {[%emt 0:12:48]} Ne7 {[%emt 0:21:45]} 18. Bf3 {[%emt 0:00:24]} Nc8 {[%emt 0:21:22]} 19. Qe1 {[%emt 0:03:16]} Ne8 {[%emt 0:04:37]} 20. Nd4 {[%emt 0:01:31]} Nc7 {[%emt 0:03:12]} 21. Nb3 {[%emt 0:03:48]} Qe7 {[%emt 0:03:08]} 22. c5 {[%emt 0:04:08]} dxc5 {[%emt 0:04:09]} 23. Rxd7 {[%emt 0:00:04]} Rxd7 {[%emt 0:01:02]} 24. bxc5 {[%emt 0:00:07]} e5 {[%emt 0:05:11]} 25. Bg4 {[%emt 0:04:22]} Rd3 {[%emt 0:02:37]} 26. Bxc8 {[%emt 0:00:22]} Bxc8 {[%emt 0:00:26]} 27. cxb6 {[%emt 0:00:20]} exf4 {[%emt 0:00:52]} 28. Nd5 {[%emt 0:01:47]} Nxd5 {[%emt 0:01:49]} 29. Rxc8+ {[%emt 0:00:03]} Bf8 {[%emt 0:00:07]} 30. Bc5 {[%emt 0:00:09]} Rxb3 {[%emt 0:01:11]} 31. Bxe7 {[%emt 0:00:35]} Nxe7 {[%emt 0:00:06]} 32. bxa7 {[%emt 0:00:08] normal} 1-0

[Event "GER-chT Youth Countries 2019"]
[Site "Wuerzburg"]
[Date "2019.10.02"]
[Round "1"]
[White "Stelmaszyk, Nico"]
[Black "Petri, Ben-Luca"]
[Result "1-0"]
[WhiteElo "2190"]
[BlackElo "1857"]
[Annotator "NA"]
[PlyCount "67"]
[EventDate "2019.10.02"]
[EventType "team-tourn"]
[EventRounds "7"]
[EventCountry "GER"]
[SourceTitle "playchess.com"]
[Source "ChessBase"]
[SourceQuality "1"]
[WhiteTeam "Germany"]
[BlackTeam "Germany"]
[WhiteTeamCountry "GER"]
[BlackTeamCountry "GER"]
[TimeControl "40/5400+30:1800+30"]

1. e4 {[%emt 0:00:00]} e6 {[%emt 0:00:00]} 2. Nf3 {[%emt 0:00:01]} d5 {[%emt 0:00:00]} 3. Nc3 {[%emt 0:00:06]} Nf6 {[%emt 0:00:05]} 4. e5 {[%emt 0:00:05]} Nfd7 {[%emt 0:00:03]} 5. d4 {[%emt 0:00:07]} c5 {[%emt 0:00:04]} 6. dxc5 {[%emt 0:00:04]} Nc6 {[%emt 0:00:08]} 7. Bf4 {[%emt 0:00:04]} Bxc5 {[%emt 0:00:05]} 8. Bd3 {[%emt 0:00:16]} f6 {[%emt 0:00:09]} 9. exf6 {[%emt 0:02:02]} Nxf6 {[%emt 0:00:04]} 10. O-O {[%emt 0:03:33]} O-O {[%emt 0:00:38]} 11. Qe2 {[%emt 0:06:38]} Nh5 {[%emt 0:04:34]} 12. Bg5 {[%emt 0:09:13]} Nf4 {[%emt 0:00:06]} 13. Qd2 {[%emt 0:11:06]} Qc7 {[%emt 0:03:21]} 14. Nb5 {[%emt 0:02:47]} Qf7 {[%emt 0:07:19]} 15. Bxf4 {[%emt 0:06:04]} Qxf4 {[%emt 0:00:21]} 16. Qxf4 {[%emt 0:00:05]} Rxf4 {[%emt 0:00:13]} 17. Nc7 {[%emt 0:00:14]} Rb8 {[%emt 0:01:15]} 18. Ng5 {[%emt 0:00:10]} Rf6 {[%emt 0:06:30]} 19. Rae1 {[%emt 0:03:56]} e5 {[%emt 0:01:24]} 20. Nxd5 {[%emt 0:01:00]} Rh6 {[%emt 0:02:00]} 21. Bc4 {[%emt 0:05:17]} Kf8 {[%emt 0:00:19]} 22. Ne4 {[%emt 0:03:34]} b5 {[%emt 0:09:47]} 23. Bb3 {[%emt 0:05:13]} Bb6 {[%emt 0:07:14]} 24. Nxb6 {[%emt 0:01:41]} axb6 {[%emt 0:02:31]} 25. f4 {[%emt 0:01:40]} Ke7 {[%emt 0:02:14]} 26. fxe5 {[%emt 0:02:00]} Nd8 {[%emt 0:02:49]} 27. Nd6 {[%emt 0:01:09]} Bd7 {[%emt 0:02:15]} 28. Nf7 {[%emt 0:01:56]} Rg6 {[%emt 0:00:42]} 29. Nxd8 {[%emt 0:01:15]} Kxd8 {[%emt 0:00:24]} 30. e6 {[%emt 0:00:34]} Bc6 {[%emt 0:00:47]} 31. g3 {[%emt 0:00:32]} Rf6 {[%emt 0:00:27]} 32. e7+ {[%emt 0:01:37]} Ke8 {[%emt 0:00:50]} 33. Rxf6 {[%emt 0:01:03]} gxf6 {[%emt 0:00:10]} 34. Re6 {[%emt 0:02:29] unterminated} 1-0

[Event "GER-chT Youth Countries 2019"]
[Site "Wuerzburg"]
[Date "2019.10.02"]
[Round "1"]
[White "Hoffmann, Sebastian"]
[Black "Vuckovic, Zarko"]
[Result "1/2-1/2"]
[WhiteElo "2187"]
[BlackElo "2253"]
[Annotator "NA"]
[PlyCount "82"]
[EventDate "2019.10.02"]
[EventType "swiss"]
[EventRounds "7"]
[EventCountry "GER"]
[SourceTitle "playchess.com"]
[Source "ChessBase"]
[SourceQuality "1"]
[WhiteTeam "Bayern 2"]
[BlackTeam "Bayern 1"]
[WhiteTeamCountry "GER"]
[BlackTeamCountry "GER"]
[TimeControl "40/5400+30:1800+30"]

1. e4 {[%emt 0:00:00]} e6 {[%emt 0:02:28]} 2. Qe2 {[%emt 0:00:00]} c5 {[%emt 0:00:06]} 3. g3 {[%emt 0:00:03]} Nc6 {[%emt 0:00:12]} 4. Nf3 {[%emt 0:00:24]} Nf6 {[%emt 0:09:12]} 5. Bg2 {[%emt 0:00:25]} d5 {[%emt 0:00:43]} 6. d3 {[%emt 0:00:15]} Be7 {[%emt 0:03:49]} 7. O-O {[%emt 0:00:07]} O-O {[%emt 0:01:26]} 8. e5 {[%emt 0:00:06]} Nd7 {[%emt 0:00:07]} 9. c4 {[%emt 0:00:04]} d4 {[%emt 0:13:00]} 10. h4 {[%emt 0:00:47]} f6 {[%emt 0:07:31]} 11. exf6 {[%emt 0:03:11]} Nxf6 {[%emt 0:00:02]} 12. Bf4 {[%emt 0:18:19]} Ng4 {[%emt 0:01:59]} 13. Ng5 {[%emt 0:06:46]} e5 {[%emt 0:02:14]} 14. Bc1 {[%emt 0:11:26]} Nf6 {[%emt 0:05:49]} 15. Ne4 {[%emt 0:12:27]} Bf5 {[%emt 0:07:56]} 16. Nbd2 {[%emt 0:02:53]} Qd7 {[%emt 0:07:29]} 17. Nxf6+ {[%emt 0:01:25]} gxf6 {[%emt 0:01:23]} 18. Ne4 {[%emt 0:09:54]} Kh8 {[%emt 0:00:40]} 19. Bd2 {[%emt 0:04:10]} Rg8 {[%emt 0:07:18]} 20. Kh2 {[%emt 0:00:26]} Rae8 {[%emt 0:06:12]} 21. Rae1 {[%emt 0:01:21]} Bg4 {[%emt 0:05:16]} 22. f3 {[%emt 0:01:37]} Be6 {[%emt 0:02:43]} 23. Qf2 {[%emt 0:00:55]} Rg7 {[%emt 0:08:15]} 24. f4 {[%emt 0:02:00]} exf4 {[%emt 0:02:31]} 25. Bxf4 {[%emt 0:00:26]} Reg8 {[%emt 0:00:47]} 26. a3 {[%emt 0:06:03]} Ne5 {[%emt 0:00:44]} 27. Bxe5 {[%emt 0:00:18]} fxe5 {[%emt 0:00:04]} 28. Nf6 {[%emt 0:00:46]} Bxf6 {[%emt 0:03:02]} 29. Qxf6 {[%emt 0:00:04]} Qf7 {[%emt 0:00:01]} 30. Rxe5 {[%emt 0:04:46]} Qxf6 {[%emt 0:00:35]} 31. Rxf6 {[%emt 0:00:02]} Rxg3 {[%emt 0:00:08]} 32. Rg5 {[%emt 0:05:18]} R3xg5 {[%emt 0:00:05]} 33. hxg5 {[%emt 0:00:05]} Re8 {[%emt 0:00:28]} 34. Bxb7 {[%emt 0:01:27]} Kg7 {[%emt 0:00:16]} 35. Be4 {[%emt 0:02:43]} Bxc4 {[%emt 0:00:18]} 36. Rc6 {[%emt 0:01:03]} Re5 {[%emt 0:01:55]} 37. Kg3 {[%emt 0:02:46]} Bxd3 {[%emt 0:00:59]} 38. Rc7+ {[%emt 0:00:06]} Kg8 {[%emt 0:00:19]} 39. Bxd3 {[%emt 0:00:08]} Re3+ {[%emt 0:00:03]} 40. Kf4 {[%emt 0:00:07]} Rxd3 {[%emt 0:00:06]} 41. Rxc5 {[%emt 0:30:50]} Rb3 {[%emt 0:30:23] normal} 1/2-1/2

[Event "GER-chT Youth Countries 2019"]
[Site "Wuerzburg"]
[Date "2019.10.02"]
[Round "1"]
[White "Nguyen, Huy Dat"]
[Black "Lagunow, Raphael"]
[Result "0-1"]
[WhiteElo "2181"]
[BlackElo "2438"]
[Annotator "TA"]
[PlyCount "81"]
[EventDate "2019.10.02"]
[EventType "swiss"]
[EventRounds "7"]
[EventCountry "GER"]
[SourceTitle "playchess.com"]
[Source "ChessBase"]
[SourceQuality "1"]
[WhiteTeam "Thüringen"]
[BlackTeam "Berlin"]
[WhiteTeamCountry "GER"]
[BlackTeamCountry "GER"]

{[%evp 16,81,41,-19,-6,-10,-13,-16,-16,-25,-28,-72,-64,-72,-78,-107,-81,-104,-119,-116,-122,-126,-114,-154,-139,-156,-117,-138,-149,-222,-220,-223,-217,-242,-249,-241,-231,-354,-364,-358,-355,-502,-477,-612,-604,-877,-406,-316,-224,-202,-189,-194,-154,-432,-433,-450,-423,-379,-208,-279,-266,-222,-80,-66,-81,-64,-38,-134]} 1. e4 d6 2. d4 Nf6 3. Nc3 g6 4. Nf3 Bg7 5. Be3 c6 6. Qd2 O-O 7. Bh6 b5 8. Bd3 Bg4 9. O-O-O ({White should try} 9. h4 $14) 9... e5 $1 $11 {B08: Pirc Defence: Classical System} 10. dxe5 $146 ({Predecessor:} 10. Ne2 Nbd7 11. h3 Bxf3 12. gxf3 Nh5 13. Bxg7 Kxg7 14. dxe5 Nxe5 15. f4 Nxd3+ 16. Qxd3 Qh4 17. Qe3 {½-½ (49) Manea,A (2392)-Medvegy,Z (2556) Rijeka 2010}) 10... dxe5 11. h3 Bxf3 {The position is equal.} 12. gxf3 Nh5 13. Rdg1 Nd7 14. Ne2 Nc5 15. h4 Ne6 16. Ng3 {[#] Hoping for Nxh5.} Nhf4 17. Bxg7 Nxg7 18. h5 a6 19. hxg6 fxg6 20. Rd1 Qe7 21. Qe3 c5 22. Rh2 (22. Bf1 $17) 22... c4 $19 23. Be2 Nge6 24. Rdh1 h5 25. Bd1 Rad8 26. Qe1 (26. Rg1 {keeps fighting.} Kf7 27. Ne2) 26... b4 27. Kb1 Qc5 28. Nf1 (28. Qe3 {was called for.}) 28... c3 29. Ne3 cxb2 30. Be2 Qc3 (30... Nd4 $142 31. Bc4+ Kg7) 31. Bc4 Qxe1+ 32. Rxe1 a5 33. Kxb2 Kg7 34. Ng2 $2 {[#]} (34. Bxe6 $17 Nxe6 35. Rg1) 34... Nd4 35. Re3 Nxg2 36. Rxg2 Rxf3 (36... Rc8 $142 37. Bb3 Rxf3 38. Rxf3 Nxf3) 37. Rxf3 Nxf3 {KRB-KRN} 38. Be2 Nd4 (38... Nh4 $19 39. Rh2 Rd2 40. Bxh5 gxh5 41. Rxh4 Kh6) 39. Bxh5 $17 Kh6 $1 40. Bg4 Nb5 41. Be6 {Accuracy: White = 34%, Black = 49%.} (41. Be2 $15 Nd4 42. Bg4) 0-1

[Event "GER-chT Youth Countries 2019"]
[Site "Wuerzburg"]
[Date "2019.10.02"]
[Round "1"]
[White "Dahl, Christoph"]
[Black "Tschernatsch, Johannes"]
[Result "0-1"]
[WhiteElo "2178"]
[BlackElo "2132"]
[Annotator "NA"]
[PlyCount "72"]
[EventDate "2019.10.02"]
[EventType "swiss"]
[EventRounds "7"]
[EventCountry "GER"]
[SourceTitle "playchess.com"]
[Source "ChessBase"]
[SourceQuality "1"]
[WhiteTeam "Sachsen"]
[BlackTeam "Brandenburg/Berlin"]
[WhiteTeamCountry "GER"]
[BlackTeamCountry "GER"]
[TimeControl "40/5400+30:1800+30"]

1. e4 {[%emt 0:00:00]} c5 {[%emt 0:00:00]} 2. Nf3 {[%emt 0:00:00]} d6 {[%emt 0:00:00]} 3. d4 {[%emt 0:00:00]} cxd4 {[%emt 0:00:00]} 4. Nxd4 {[%emt 0:00:00]} Nf6 {[%emt 0:00:00]} 5. Nc3 {[%emt 0:00:12]} a6 {[%emt 0:00:03]} 6. Bg5 {[%emt 0:00:16]} e6 {[%emt 0:00:09]} 7. f4 {[%emt 0:00:32]} b5 {[%emt 0:00:15]} 8. e5 {[%emt 0:03:38]} dxe5 {[%emt 0:00:07]} 9. fxe5 {[%emt 0:00:01]} Qc7 {[%emt 0:00:13]} 10. exf6 {[%emt 0:02:24]} Qe5+ {[%emt 0:00:08]} 11. Be2 {[%emt 0:00:07]} Qxg5 {[%emt 0:00:07]} 12. Bf3 {[%emt 0:00:29]} Ra7 {[%emt 0:03:50]} 13. Qd3 {[%emt 0:06:49]} Rd7 {[%emt 0:05:34]} 14. Ne4 {[%emt 0:02:12]} Qe5 {[%emt 0:04:38]} 15. O-O-O {[%emt 0:03:01]} gxf6 {[%emt 0:09:33]} 16. Qc3 {[%emt 0:03:01]} Bb7 {[%emt 0:21:16]} 17. Rhe1 {[%emt 0:23:56]} Bxe4 {[%emt 0:02:11]} 18. Rxe4 {[%emt 0:01:41]} Bh6+ {[%emt 0:13:00]} 19. Kb1 {[%emt 0:00:10]} Qc7 {[%emt 0:00:19]} 20. Qe1 {[%emt 0:34:34]} O-O {[%emt 0:11:07]} 21. Qh4 {[%emt 0:01:10]} Bg7 {[%emt 0:02:07]} 22. Qh5 {[%emt 0:02:50]} Rfd8 {[%emt 0:02:52]} 23. Rg4 {[%emt 0:03:25]} Qe5 {[%emt 0:01:54]} 24. Rxg7+ {[%emt 0:03:55]} Kxg7 {[%emt 0:00:23]} 25. Qg4+ {[%emt 0:00:05]} Qg5 {[%emt 0:02:03]} 26. Qe4 {[%emt 0:00:13]} e5 {[%emt 0:00:40]} 27. h4 {[%emt 0:00:05]} Qg6 {[%emt 0:01:33]} 28. Nf5+ {[%emt 0:01:23]} Qxf5 {[%emt 0:00:17]} 29. Rxd7 {[%emt 0:00:04]} Qxd7 {[%emt 0:01:21]} 30. a3 {[%emt 0:00:46]} Qd4 {[%emt 0:00:15]} 31. Qe1 {[%emt 0:00:47]} Qf4 {[%emt 0:00:24]} 32. Qa5 {[%emt 0:00:12]} Rd6 {[%emt 0:00:38]} 33. Bh5 {[%emt 0:00:42]} e4 {[%emt 0:01:16]} 34. Ka2 {[%emt 0:00:06]} e3 {[%emt 0:01:20]} 35. g3 {[%emt 0:00:21]} Qc4+ {[%emt 0:00:15]} 36. Kb1 {[%emt 0:00:04]} e2 {[%emt 0:00:13] normal} 0-1